Culture Générale - Clic Quiz - La réponse est en image #20 - Statistiques

Statistiques générales
  • Ce quiz a été pris 505 fois
  • Le résultat moyen est 30 sur 40
Statistiques - réponses
Hint Réponse % Correct
Paramètres
96%
Haut Parleur
96%
marche/arrêt
96%
Jasmine sans Aladdin
95%
Zone à risque de tsunami
95%
Wikipédia
94%
Evacuation des eaux usées
94%
Pinterest
93%
Vaseline
92%
Falaise instable
92%
La Belle sans le Clochard
91%
Pizza hut
90%
La Belle sans la Bête
89%
François Pignon (Le Dîner de con)
89%
Lien hypertexte
87%
Pokerstars
87%
OpenStreetMap
86%
Mandoline
85%
Chen sans Cédric
84%
Joindre
79%
Hotline
79%
Bianca sans Bernard
78%
Sir Alex Ferguson (en emoji par IA)
77%
Laurent Blanc (en emoji par IA)
72%
Pep Guardiola (en emoji par IA)
72%
Carlo Ancelotti (en emoji par IA)
70%
Alcaline
70%
Berges non protégées
70%
Marées montantes
69%
Patrick Bialès (La Cité de la peur)
66%
Arsène Wenger (en emoji par IA)
65%
Josselin Beaumont (Le Professionnel)
63%
Fernand Naudin (Les Tontons flingueurs)
63%
Côtes d'Armor
54%
Lambert (Tchao Pantin)
54%
Digitale (Digitaline)
47%
Haute-Vienne
44%
Meurthe et Moselle
42%
Maine et Loire
37%
Seine et Marne
35%
Aucun quiz correspondant
Distribution des résultats
% des personnes avec chaque résultat
Percentile par nombre de réponses
Votre historique - résultats
Vous n’avez pas pris ce quiz